Franz Liszt a research and information guide

Podrobná bibliografia
Hlavný autor: Saffle, Michael, 1946- (Autor)
Médium: Kniha
Jazyk:angličtina
PhysicalDescription:xv, 520 s. 24 cm
Vydavateľské údaje: New York London Routledge 2009
ISBN:0415998395
9780415998390
Vydanie:3rd ed.
Edícia:Routledge music bibliographies
Predmet:

MARC

LEADER 00000nam a2200000 a 4500
001 vtls010605477
003 SK-MaSNL
005 20260301133831.0
008 240318s2009 xxu g h 001 0beng
020 |a 0415998395  |q (viaz.) 
020 |a 9780415998390 
040 |a SNK  |b slo  |c SNK  |e AACR2 
041 0 |a eng 
044 |a xxu  |c US  |a xxk  |c GB 
072 7 |a 78.07  |x Hudobníci, skladatelia a iné hudobné povolania  |2 konspekt 
080 |a 78.071.1  |2 2001 
080 |a 78  |2 2001 
080 |a (439)  |2 2001 
080 |a (01)  |2 2001 
100 1 |a Saffle, Michael,  |d 1946-  |4 aut  |9 486877 
245 1 0 |a Franz Liszt  |b a research and information guide  |c Michael Saffle 
250 |a 3rd ed. 
260 |a New York  |a London  |b Routledge  |c 2009 
300 |a xv, 520 s.  |c 24 cm 
490 1 |a Routledge music bibliographies 
600 1 7 |a Liszt, Franz,  |d 1811-1886  |2 SNKMA  |9 116780 
648 7 |a 19. stor.  |2 SNKPH  |9 278793 
648 7 |a 19th century  |2 SNKPHeng  |9 306372 
650 0 7 |a hudobní skladatelia  |2 SNKPH  |9 3188 
650 0 7 |a hudba  |2 SNKPH  |9 1063 
650 0 7 |a Composers  |2 SNKPHeng  |9 278300 
650 0 7 |a Music  |2 SNKPHeng  |9 265352 
651 7 |a Maďarsko  |2 SNKPH  |9 16754 
651 7 |a Hungary  |2 SNKPHeng  |9 265263 
655 7 |a bibliografie  |2 SNKPH  |9 28668 
655 7 |a Bibliographies  |2 SNKPHeng  |9 266698 
830 0 |a Routledge music bibliographies  |9 486878 
919 |a 0-415-99839-5 
919 |a 978-0-415-99839-0 
999 |c 754875  |d 756805 
952 |t snkLIS 78.07  |a SNKUST  |b SNKUST  |y PREZ  |7 0  |p 17A1112475  |o snkIC 141252  |i snk2014/14280  |8 3  |g 144.21  |0 0  |1 0  |4 0  |d 2014-06-23  |l 0  |r 2025-04-28 00:00:00  |w 2026-02-23